000 00799nas a2200265 4500
001 BR5200104
003 BR-BrBNA
005 20231205081927.0
007 ta
008 230509b bl.|||p| |||| 00| 00por d
040 _aBR-BrBNA
_bpor
_cBiblioteca Nacional de Agricultura
041 _a(Pt)
072 _aL73; L70
100 1 _aTondo, C.V.
245 1 _aInducao experimental de mutacao, por ultravioleta, no virus da febre aftosa, detectada por fixacao do complemento
650 _aIMUNOLOGIA
650 _aINDUCAO
650 _aMUTACAO
650 _aRAIO ULTRAVIOLETA
650 _aVIRUS
650 _aAFTOSA
773 0 _tBoletim da Diretoria da Producao Animal (Brazil)
_x
_g(Sep 1952), v. 8(14) p. 3-9
_wBR5200104
909 _a202311
_bLúcia
_c55
_dLúcia Elande
942 _2AGRIS
_n0
_cANA
999 _c87880
_d87880